Представление документа в формате RUSMARC

ПолеНазваниеЗначение
  Тип записи a
  Библиографический уровень m
001 Контрольный номер RU/IS/BASE/278418274
005 Дата корректировки 20201206204614.1
010 Индекс ISBN __
a ISBN 978-5-9794-0065-5
d Цена 445-83
101 Язык документа 1_
a Язык текста rus
c Язык оригинала eng
200 Заглавие и сведения об ответственности 1_
a Заглавие Рококо
e Сведения, относящиеся к заглавию [искусство XVIII века]
f Первые сведения об ответственности Эва Гесин Бауэр ; ред. Инго Ф. Вальтер ; [пер. с англ. И.А. Лейтес]
b Общее обозначение материала Текст
210 Выходные данные __
a Место издания М.
c Издательство Арт-Родник
d Дата издания 2007
215 Физическое описание __
a Объем 95, [1] с.
c Иллюстрации/тип воспроизводства ил.
225 Серия __
a Серия Стили, течения и направления в искусстве
225 Серия __
a Серия Назад к истокам видения
606 Тематические рубрики __
a Основная рубрика Изобразительное искусство и архитектура
606 Тематические рубрики __
a Основная рубрика Живопись в целом
606 Тематические рубрики __
a Основная рубрика История живописи
z Хронологическая подрубрика 18 в.
y Географическая подрубрика Западная Европа
610 Ключевые слова __
a Ключевые слова рококо; история живописи; репродукции; художественные стили; художественные направления; художники
686 Индексы других классификаций __
a Классификационный индекс 85.143(3)
700 Автор _1
a Фамилия Баур
b Имя Э.
g Полное личное имя Эва Гесин
4 Код отношения 070
702 Вторичная интеллектуальная ответственность _1
a Фамилия Вальтер
b Имя И. Ф.
4 Код отношения Редактор
4 Код отношения 340
702 Вторичная интеллектуальная ответственность _1
a Фамилия Лейтес
b Имя И. А.
4 Код отношения Переводчик
4 Код отношения 730
801 Источник записи _0
a Страна RU
b Организация Муниципальное бюджетное учреждение культуры "Централизованная библиотечная система" г. Сургут (Центральная городская библиотека им. А. С. Пушкина)
g Правила каталогизации КиК/Гришунина
801 Источник записи _1
a Страна RU
b Организация Муниципальное бюджетное учреждение культуры "Централизованная библиотечная система" г. Сургут (Центральная городская библиотека им. А. С. Пушкина)
g Правила каталогизации КиК/Гришунина
852 Данные о местонахождении __
j Шифр хранения 85.143(3)
c Каталожный индекс 85.143(3)
i Авторский знак Б 29
901 Тип документа __
t Тип документа m
903 Характеристики (МАРС) __
a Дата передачи 20081112
990 Данные о заказе (DOS) __
j Количество экземпляров (DOS) 1
t N записи в КСУ для И/У (DOS) 200811